The great agrarian conquest : (Record no. 160512)

MARC details
000 -LEADER
fixed length control field 00662nam a22001937a 4500
005 - DATE AND TIME OF LATEST TRANSACTION
control field 20190213110920.0
010 ## - LCCN (DPL NO)
LC control number ENG-124716
020 ## - INTERNATIONAL STANDARD BOOK NUMBER
Terms of availability 1195.00
International Standard Book Number 9788178245249
035 ## - SYSTEM CONTROL NUMBER
System control number EN-108248
037 ## - SOURCE OF ACQUISITION
Source of stock number/acquisition DBAD/PUB
082 ## - DEWEY DECIMAL CLASSIFICATION NUMBER
Classification number 954.08
100 ## - MAIN ENTRY--PERSONAL NAME
Personal name Bhattacharya, Neeladri
245 ## - TITLE STATEMENT
Title The great agrarian conquest :
Statement of responsibility, etc by Neeladri Bhattacharya
Remainder of title the colonial reshaping of a rural world/
260 ## - PUBLICATION, DISTRIBUTION, ETC. (IMPRINT)
Place of publication, distribution, etc Ranikhet
Name of publisher, distributor, etc Permanent Black
Date of publication, distribution, etc 2018
270 ## - ADDRESS
Address 'Himalayana', Mall Road,667,Ranikhet Cantt,
City Ranikhet
Postal code 263645
300 ## - PHYSICAL DESCRIPTION
Extent xv,522p.
Dimensions 22cm (Hb)
500 ## - GENERAL NOTE
General note includes bibliographical references and index
942 ## - ADDED ENTRY ELEMENTS (KOHA)
Source of classification or shelving scheme Dewey Decimal Classification
Item type English Books
Call number suffix BHA
Classification part 954.08
Holdings
Withdrawn status Lost status Not for loan Collection code Home library Current library Date acquired Source of acquisition Cost, normal purchase price Full call number Barcode Copy number Cost, replacement price Koha item type
    Not For Loan Non-fiction D.B.Act.Division Patel Nagar 01/02/2019 DBAD/PUB 1195.00 954.08 BHA EN-108248 1 1195.00 English Books

© Delhi Public Library
Hit Counter
free hit counter